004840000a22001690004500003001100000005001700011008004100028020001500069040003900084041000800123082001500131100001800146245003700164260003400201300006400235650001500299LK-CoMWRAF20231109104835.0230817t2000 ||||| |||| 00| 0 eng d a8176491764 aLK-CoMWRAFdLK-CoMWRAFeLK-CoMWRAF aeng a658.4bBLA aBlank, Warren aThe 9 Natural Laws of Leadership aNew Delhi:bViva books,c2000 axv, 240 p. : ill. ; 24 cm.bBibliography and index included aLEADERSHIP